00545pam a2200145 a 4500020000500000041000500005082002800010100002000038245005100058260003100109300001200140930000900152999001900161952021900180 c h a658.79999999999995bSRI aSrinivasan,S.R. aStrategic Retail ManagementhTextual Documents aNew DelhibBiztantrac2010 aXIX/364 a9154 c115980d115980 001040708GeneralaAKSbAKScAKS-MBA-CIR-Rack-30d2013-03-30eBharati Madhyavarti Sahakari Grahakbhandar Limitedg329.00l3o658.79999999999995 SRIpAKS-M-12386r2026-05-21 00:00:00s2026-05-09t1w2023-03-01yBK